| 000 | 00377nam a2200157Ia 4500 | ||
|---|---|---|---|
| 003 | SGT | ||
| 082 | _a300,KAT | ||
| 100 | _aFESTINGER,LEON | ||
| 245 | _aRESEARCH METHODS IN THE BEHAVIORAL SCIENCES | ||
| 250 | _a1ST | ||
| 260 |
_bAMERIND PUBLISHING CO. PVT. LTD. _aNEW DELHI _c1950 |
||
| 300 | _a660p. | ||
| 650 | _aSOCIAL SCIENCES | ||
| 700 | _aKatz,Daniel | ||
| 942 |
_2ddc _cFCM |
||
| 999 |
_c6415 _d6415 |
||